| 000 | 00536nam a22001577a 4500 | ||
|---|---|---|---|
| 999 |
_c528055 _d528055 |
||
| 020 | _qHard Cover. | ||
| 082 | _a510 | ||
| 100 | _aUmer Farooq, Muhammad | ||
| 245 |
_aLie and Noether - like Operators for a Class of Systems of Ordinary Differential Equalization / _cMuhammad Umar Farooq. |
||
| 260 |
_aIslamabad: _bCAMP - NUST, _c2011. |
||
| 300 |
_aiv, 118 p. : _c30cm. |
||
| 942 |
_2ddc _cTHE |
||
| 650 |
_aPh. D. Thesis. _919288 |
||
| 700 |
_aProf. Muneer Ahmed Rashid. _919586 |
||